Female Figure Skaters 2 - Statistics

General Stats
  • This quiz has been taken 41 times
  • The average score is 7 of 16
Answer Stats
Picture Answer % Correct
Isabeau Levito
93%
Kimmy Repond
67%
Adeliia Petrosian
60%
Mariah Bell
57%
Alena Kostornaia
53%
Anastasiia Gubanova
50%
Gracie Gold
50%
Karen Chen
50%
Nina Pinzarrone
47%
Elizaveta Tuktamysheva
43%
Starr Andrews
43%
Rika Kihira
37%
Ye-Lim Kim
27%
Hana Yoshida
20%
Carolina Costner
13%
Alexia Paganini
7%
No matching quizzes found
Score Distribution
Percent of People with Each Score
Percentile by Number Answered
Your Score History
You have not taken this quiz